000 01116nam a2200241 i 4500
001 39668
003 ES-MaACL
005 20250916212401.0
007 t|
008 030303m18831890sp ||||1| spa d
100 1 _aCánovas del Castillo, Antonio,
_d1828-1897
_934600
245 1 4 _a"El Solitario" y su tiempo :
_bbiografía de D. Serafín Estébanez Calderón y crítica de sus obras /
_cpor Don Antonio Cánovas del Castillo.
260 _aMadrid :
_b[s.n.],
_c1883 (
_fImp. de A. Pérez Dubrull)
300 _a2 v. ([1] h. de lám., 341 ; 410 p.) ;
_c17 cm.
490 1 _aColección de escritos castellanos. Críticos ;
_v8-9
530 _aDisponible en formato digital.
599 _aLám.: grabado calc., retr. de Serafín Estébanez Calderón "B. Maura Gbó. 1882"
600 1 4 _aEstébanez Calderón, Serafín,
_d1799-1867
_948084
830 1 _aColección de escritos castellanos
_v8-9
_9181373
852 _aES-MaACL
_jF-12453-54
856 _uhttp://www.bibliotecavirtualdeandalucia.es/catalogo/es/consulta/registro.do?id=8296
_zBiblioteca Virtual de Andalucía
999 _c39668
_d39668